Geschehen in Brünn vor 55 Jahren
| Titel: | Geschehen in Brünn vor 55 Jahren |
|---|---|
| Verfasser: | |
| In: |
Seliger-Gemeinde: Sudeten-Jahrbuch der Seliger-Gemeinde, Band 50 (2001), Seite 88-91 alle Artikel anzeigen |
| Veröffentlicht: | 2001 [2000] |
| Format: | Aufsatz |
| Sprache: | Deutsch |
X
alg: 39154857 001A $01999:11-11-16 001B $01999:23-03-21 $t21:44:16.000 001D $01999:11-11-16 001U $0utf8 001X $00 002@ $0Aox 003@ $0391548573 007A $0391548573 $aHEB 007T $0Herd48146 010@ $ager 011@ $a2001 $n2001 [2000] 021A $aGeschehen in Brünn vor 55 Jahren 028A $aMüller $dDora 031A $d50 $h88-91 $j2001 039B $aIn $8--Abvc--Seliger-Gemeinde [Tb1]. Sudeten-Jahrbuch der Seliger-Gemeinde. - München : Die Brücke, 1952-2003 $x200100000500000912 $9047713011 045F $a900.943710904 $eDDC23BSB 045F/01 $a900 045F/03 $f0904 045F/03 $g4371 lok: 39154857 78 exp: 39154857 78 1 #EPN 201B/01 $027-11-18 $t22:56:42.000 201U/01 $0utf8 203@/01 $0787642789 208@/01 $a11-11-16 $be 209A/01 $a/ $f000 $x00 220C/01 $aTitelaufnehmer: rb 244Z/01 $#Tschechien $#Tschechische Republik $#Tschechische Republik $#Tschechenland $#Tschechei Tschechien $#Česká Republika $#Czech Republic $#ČR $74303381-7 $8--Tg1--Tschechien $x01 $9086659812 244Z/01 $2Trx $#Böhmen $#Bohemia $#Czechy $8--Trx--Čechy $x02 $9391188941 244Z/01 $#Brünn $#Město Brno $#Brno $#Bruna $#Brunna $#Brinna $#Brinnium $#Bruenna $#Eburodunum $74008456-5 $8--Tg1--Brünn $x03 $9085014818 244Z/01 $2Trx $#Obřan Brünn $8--Trx--Obřany$gBrno-město $x04 $9391163507 244Z/01 $aGeschichte 1945 $x05 244Z/01 $2Trx $#sakslased $#vokiečiai $#Germans $#németek $#Niemcy narodowość $#Nemci $#Němci $8--Trx--Deutsche $x06 $9391356801 244Z/01 $2Trx $#pagendamine ümberasustamine 1938-1950 $#perkėlimai iškėlimai 1938-1950 $#expulsion resettlement 1938-1950 $#ethnic cleansing $#kiűzés áttelepítés 1938-1950 $#przesiedlenia wysiedlenia 1938-1950 $#odsun presídlenie 1938-1950 $#odsun přesídlení 1938-1950 $#Umsiedlung 1938-1950 $#wysiedlenia $#presídlenie 1938-1950 $8--Trx--Vertreibung$xUmsiedlung$g1938-1950 $x07 $9391362763 244Z/01 $2Trx $#kuriteod, poliitilised $#politiniai nusikaltimai $#political crimes $#bűntettek, politikai $#zbrodnie polityczne $#zločiny politické $#zločiny politické $8--Trx--Verbrechen, politische $x08 $9391375342 244Z/01 $2Trx $8--Trx--Zeitschriftenaufsatz $x09 $9391384341 245Z/01 $a13.03 $x01 245Z/01 $a06.04.04 $x02 247C/01 $82080>Marburg/Lahn, Herder-Institut, Forschungsbibliothek, Bibliographieportal $9336309341
| LEADER | 00000caa a22000002c 4500 | ||
|---|---|---|---|
| 001 | 391548573 | ||
| 003 | DE-603 | ||
| 005 | 20210323214416.0 | ||
| 007 | tu | ||
| 008 | 161111s2001 xx |||| | u00||u|ger c | ||
| 035 | |a (DE-599)HEB391548573 | ||
| 040 | |a DE-603 |b ger |c DE-603 |d DE-603 | ||
| 041 | |a ger | ||
| 082 | 0 | 4 | |8 1\u |a 900.943710904 |q DE-101 |2 23/BSB |
| 085 | |8 1\u |b 900 | ||
| 085 | |8 1\u |z 1 |s 0904 | ||
| 085 | |8 1\u |z 2 |s 4371 | ||
| 100 | 1 | |a Müller, Dora | |
| 245 | 0 | 0 | |a Geschehen in Brünn vor 55 Jahren |
| 264 | 0 | |c 2001 [2000] | |
| 773 | 0 | 8 | |i In |a Seliger-Gemeinde |t Sudeten-Jahrbuch der Seliger-Gemeinde |d München : Die Brücke, 1952-2003 |h 21 cm |g Band 50 (2001), Seite 88-91 |w (DE-603)047713011 |w (DE-600)511910-8 |
| 924 | 0 | |9 2080 |a (DE-603)787642789 |b DE-2080 |c HES |d d |g / | |


